000 00580nam a22001937a 4500
999 _c20553
_d20553
003 AR-CdUCM
008 190531b ||||| |||| 00| 0 spa d
040 _aMUNICIPALIDAD PROVINCIAL DEL CUSCO
_cBIBLIOTECA MUNICIPAL DEL CUSCO
082 _a869.56 /
_bH445
100 _aHernández Mendoza, Jorge Luis
_942969
245 _aArenadas de amor /
260 _aLima :
_c1989.
300 _a59 páginas ;
_c22 cm.
505 _aContenido: Poesía peruana.
650 _aPoesía peruana
_9806
650 _aPoetas peruanos
_91611
942 _2ddc
_cLIBROS
945 _adavv
_d2019-05-31